Kuwait Political Agency 13 Volume Hardback Set: Arabic Documents 1899-1949 (Record no. 579099)

MARC details
000 -LEADER
fixed length control field 00595nam a2200169Ia 4500
008 - FIXED-LENGTH DATA ELEMENTS--GENERAL INFORMATION
fixed length control field 250807s9999 xx 000 0 und d
020 ## - INTERNATIONAL STANDARD BOOK NUMBER
ISBN 185207440X
082 ## - DEWEY DECIMAL CLASSIFICATION NUMBER
Classification number 953.67
Item number ASS.12
100 ## - MAIN ENTRY--AUTHOR NAME
Personal name Asser, Martin
245 #0 - TITLE STATEMENT
Title Kuwait Political Agency 13 Volume Hardback Set: Arabic Documents 1899-1949
Statement of responsibility, etc Asser, Martin
260 ## - PUBLICATION, DISTRIBUTION, ETC. (IMPRINT)
Name of publisher Cambridge Archive Editions
Year of publication 1992
520 ## - SUMMARY, ETC.
Summary, etc Arabic documents, with translations, from the Kuwait Political Agency - a research resource for Kuwaiti, Saudi and Arab Gulf history.
650 ## - SUBJECT ADDED ENTRY--TOPICAL TERM
Topical Term History
942 ## - ADDED ENTRY ELEMENTS (KOHA)
Koha item type English Books
Holdings
Withdrawn status Lost status Damaged status Not for loan Home library Current library Shelving location Date acquired Full call number Accession Number Price effective from Koha item type
        Anna Centenary Library Anna Centenary Library 7TH FLOOR, B WING 07.08.2025 953.67 ASS.12 248735 07.08.2025 English Books

Find us on the map